000 00823nam a2200253Ia 4500
003 OSt
005 20221002045454.0
006 a|||||r|||| 00| 0
007 ta
008 220930b |||||||| |||| 00| 0 eng d
020 _a9781893951310 (hbk)
_c760.75
024 _a101801
037 _b09-11061, 22/02/2010, Atlantic Publisher & Dist. Pvt Ltd.
_cReference Collections
040 _aCRL
_cCRL
_beng
041 _2eng
_aeng
082 _aSNi4:78, P7.1-.6(RR)
100 _aGeoff Tibbals
_9570579
245 0 _aRipley's believe it or not prepare to be shocked Pt.5
260 _c2008
300 _a256p.
_ccm.
650 _aPSYCHOLOGY
942 _hSNi4:78, P7.1-.6(RR)
_cref
_2CC
999 _c912475
_d912475